Statystyki dla Dopasuj Miasto do Państwa - Poziom Średni

Kliknij tutaj aby rozwiązać quiz!

Ogólne statystyki

  • Ten quiz został rozwiązany 43 razy
  • Średni wynik to 12 z 16

Statystyki odpowiedzi

MiastoPaństwo% Poprawnych
KopenhagaDania
100%
Nowy SączPolska
98%
MiamiStany Zjednoczone
98%
Sankt PetersburgRosja
95%
StambułTurcja
95%
MontpellierFrancja
90%
TeheranIran
85%
BodøNorwegia
85%
IrkuckRosja
80%
CasablancaMaroko
73%
BrisbaneAustralia
68%
ManilaFilipiny
68%
CalgaryKanada
68%
CórdobaArgentyna
60%
RecifeBrazylia
43%
KampalaUganda
38%

Rozkład punktacji

Percentyl według liczby udzielonych odpowiedzi

Procent ludzi z każdym wynikiem

Twoja historia wyników

Nie rozwiązałeś tego quizu